| 000 | 00692nam a2200241 i 4500 | ||
|---|---|---|---|
| 001 | 18573 | ||
| 003 | ES-MaACL | ||
| 005 | 20250815150616.0 | ||
| 007 | t| | ||
| 008 | 011016s1996 gw ||||0| spa j | ||
| 020 | _a3-930700-57-3 | ||
| 040 |
_aM-BN _bspa _cM-BN |
||
| 080 | _a78.01 | ||
| 100 | 1 |
_aDahlhaus, Carl. _942445 |
|
| 245 | 1 | 0 |
_aEstética de la música / _cCarl Dahlhaus ; [traducción de Juan Luis Milán]. |
| 260 |
_aBerlín : _bReichenberger, _c1996. |
||
| 300 |
_aXII, 136 p ; _c21 cm. |
||
| 650 | 7 |
_aEstética musical _2embne _912548 |
|
| 700 | 1 |
_aMilán, Juan Luis. _981081 |
|
| 852 |
_aES-MaACL _jL-25142 _bR.130398 |
||
| 999 |
_c18573 _d18573 |
||